| 000 | 00726nam a22002177a 4500 | ||
|---|---|---|---|
| 999 |
_c17394 _d17394 |
||
| 003 | AR-CdUCM | ||
| 008 | 190508b ||||| |||| 00| 0 spa d | ||
| 040 |
_aMUNICIPALIDAD PROVINCIAL DEL CUSCO _cBIBLIOTECA MUNICIPAL DEL CUSCO |
||
| 082 |
_a869.503 / _bA59 |
||
| 110 |
_aEscritores latinoamericanos _937382 |
||
| 245 | _aAntología del cuento peruano / | ||
| 260 |
_aLima : _bNuevo mundo, _c1963. |
||
| 300 |
_a145 páginas ; _c18 cm. |
||
| 440 |
_aColección dirigida por José Bonilla Amado _937383 |
||
| 505 | _aContenido : Obispo Chicheño -- Mi corbata -- El alfiler ... | ||
| 650 |
_aLiteratura _983 |
||
| 650 |
_aLatinoamericana _95799 |
||
| 650 |
_aSiglo XX _98 |
||
| 942 |
_2ddc _cLIBROS |
||
| 945 |
_arah _d08/05/2019 |
||